Juhász Gyula mint gügyü
Elmentve itt :
| Szerző: | |
|---|---|
| Dokumentumtípus: | Cikk |
| Megjelent: |
1977-07-10
|
| Sorozat: | Délmagyarország
67 No. 161 |
| Kulcsszavak: | Juhász Gyula |
| Online Access: | http://dmarchiv.bibl.u-szeged.hu/95207 |
| LEADER | 00447nab a2200157 i 4500 | ||
|---|---|---|---|
| 001 | delm95207 | ||
| 005 | 20190529085527.0 | ||
| 008 | 190529s1977 hu o 0|| hun d | ||
| 040 | |a SZTE Délmagyarország Archívum |b hun | ||
| 041 | |a hun | ||
| 100 | 1 | |a Péter László | |
| 245 | 1 | 0 | |a Juhász Gyula mint gügyü |h [elektronikus dokumentum] / |c Péter László |
| 260 | |c 1977-07-10 | ||
| 300 | |a 6 | ||
| 490 | 0 | |a Délmagyarország |v 67 No. 161 | |
| 695 | |a Juhász Gyula | ||